000 00838nam a2200241Ia 4500
003 OSt
005 20220923222011.0
006 a|||||r|||| 00| 0
007 ta
008 220922b |||||||| |||| 00| 0 hin d
024 _a201,584
037 _cTextual
040 _aARTS
_cARTS
_bhin
041 _2hin
_ahin
082 _aV2,4.N84-N47, 152M5-;1
100 _aशाक्ति पाल
_9156278
245 0 _aकांग्रेस तथा अन्य राजनैतिक दलो के उतार चढ़ाव
246 _aKāangres tathā anya rājanaitik dalo ke utār chaढ़āva
260 _aदिल्ली
_b जगतराम
_c1985
300 _a211पृ.
_ccm.
942 _hV2,4.N84-N47, 152M5-;1
_cTEXL
_2CC
999 _c353237
_d353237